Orfebrería y chamanismo (Record no. 10414)

MARC details
000 -CABECERA
campo de control de longitud fija 00925nam a2200277 a 4500
001 - NÚMERO DE CONTROL
campo de control BRL_1605
005 - FECHA Y HORA DE LA ÚLTIMA TRANSACCIÓN
campo de control 20190320211302.0
008 - DATOS DE LONGITUD FIJA--INFORMACIÓN GENERAL
campo de control de longitud fija 110414s1999----ck-aob####---#000-0#spa-#
020 ## - NÚMERO INTERNACIONAL ESTÁNDAR DEL LIBRO
Número Internacional Estándar del Libro 9586380130
041 ## - CÓDIGO DE LENGUA
Código de lengua del texto/banda sonora o título independiente spa
044 ## - CÓDIGO DEL PAÍS DE LA ENTIDAD EDITORA/PRODUCTORA
Código MARC del país ck
050 #4 - SIGNATURA TOPOGRÁFICA DE LA BIBLIOTECA DEL CONGRESO
Número de clasificación F2270.1.G57
Número de documento/Ítem .R45 1999
100 1# - ENTRADA PRINCIPAL--NOMBRE DE PERSONA
Nombre de persona Reichel-Dolmatoff, Gerardo
9 (RLIN) 27420
245 10 - MENCIÓN DE TÍTULO
Título Orfebrería y chamanismo
Resto del título un estudio iconográfico del Museo del Oro
Mención de responsabilidad, etc. Gerardo Reichel-Dolmatoff ; fotografía Jorge Mario Múnera.
260 ## - PUBLICACIÓN, DISTRIBUCIÓN, ETC.
Lugar de publicación, distribución, etc. Medellín, Colombia
Nombre del editor, distribuidor, etc. Colina
Fecha de publicación, distribución, etc. 1999
300 ## - DESCRIPCIÓN FÍSICA
Extensión 174 p.
Otras características físicas il., fotografías (a color), mapas
Dimensiones 33 cm.
500 ## - NOTA GENERAL
Nota general Au880
504 ## - NOTA DE BIBLIOGRAFÍA, ETC.
Nota de bibliografía, etc. Bibliografía: p. 169-174
650 14 - PUNTO DE ACCESO ADICIONAL DE MATERIA--TÉRMINO DE MATERIA
Término de materia o nombre geográfico como elemento de entrada Indígenas
Subdivisión general Orfebrería
Subdivisión geográfica Colombia
9 (RLIN) 27421
650 14 - PUNTO DE ACCESO ADICIONAL DE MATERIA--TÉRMINO DE MATERIA
Término de materia o nombre geográfico como elemento de entrada Mitología indígena
Subdivisión geográfica Colombia
9 (RLIN) 27422
650 14 - PUNTO DE ACCESO ADICIONAL DE MATERIA--TÉRMINO DE MATERIA
Término de materia o nombre geográfico como elemento de entrada Chamanismo
Subdivisión geográfica Colombia
9 (RLIN) 27423
700 1# - PUNTO DE ACCESO ADICIONAL--NOMBRE DE PERSONA
Nombre de persona Múnera, Jorge Mario
Término indicativo de función/relación il.
9 (RLIN) 27424
710 2# - PUNTO DE ACCESO ADICIONAL--NOMBRE DE ENTIDAD CORPORATIVA
Nombre de entidad corporativa o nombre de jurisdicción como elemento de entrada Museo del Oro
9 (RLIN) 27425
902 ## - CATALOGADOR
Iniciales GRL
942 ## - ELEMENTOS DE PUNTO DE ACCESO ADICIONAL (KOHA)
Fuente del sistema de clasificación o colocación Library of Congress Classification
Tipo de ítem Koha Libros
Holdings
Estado de retiro Estado de pérdida Estado dañado No para préstamo Localización permanente Ubicación/localización actual Fecha de adquisición Número de inventario Total de préstamos Signatura topográfica completa Código de barras Fecha visto por última vez Precio válido a partir de Tipo de ítem Koha
El ejemplar forma parte de la colección y puede ser consultado según las políticas vigentes.       Biblioteca Centro de Estudios Ruth D. Lechuga Biblioteca Centro de Estudios Ruth D. Lechuga 11/04/2014 Au880   F2270.1.G57 .R45 1999 (Au880) GRL01765 22/03/2019 22/03/2019 Libros